Normal view
MARC view
Entry Personal Name
001 - CONTROL NUMBER
- control field: 74151
003 - CONTROL NUMBER IDENTIFIER
- control field: dpl
005 - DATE AND TIME OF LATEST TRANSACTION
- control field: 20241127153826.0
008 - FIXED-LENGTH DATA ELEMENTS
- fixed length control field: 241127|| aca||aabn | a|a d
040 ## - CATALOGING SOURCE
- Original cataloging agency: dpl
- Transcribing agency: dpl
100 ## - HEADING--PERSONAL NAME
- Personal name: पटियाल,रंजु बाला
670 ## - SOURCE DATA FOUND
- Source citation: Work cat.: (dpl)207088: पटियाल,रंजु बाला, योगसूत्र एवं आसन/, 2017
